Fc Metz - Tous les joueurs de 2010 à 2025 - Statistiques

Statistiques générales
  • Ce quiz a été pris 132 fois
  • Le résultat moyen est 50 sur 225
Statistiques - réponses
Saisons Nationalité Joueur Nombre
De Matchs
Poste % Correct
2018 - 2025 Algérie AlexandreOukidja 211 G
87%
2015 - 2025 France MatthieuUdol 185 D
85%
2016 - 20192024 - France GauthierHein 66 M/A
79%
2015 - 20172018 - 2020 2025 - Sénégal HabibDiallo 116 A
76%
2022 - 2025 Sénégal Papa AmadouDiallo 53 A
75%
2019 - 20202022 - 2024 Géorgie GeorgesMikautadze 64 A
72%
2011 - 2015 Sénégal BounaSarr 110 D/M/A
69%
2016 - 2017 Sénégal IsmailaSarr 33 A
69%
2020 - 2022 Sénégal Pape MatarSarr 59 M
69%
2019 - 2020 Mali AdamaTraoré 16 M
66%
2018 - 2019 Mali AdamaTraoré 4 A
66%
2019 - 20222025 - Mali BoubacarTraoré 33 M
66%
2022 - 2025 CoteD'Ivoire IsmaelTraoré 82 D
66%
2010 - 2012 Mali MahamaneTraoré 41 M
66%
2024 - France BenjaminStambouli 31 M
63%
2022 - 2023 Sénégal OusmaneBa 5 G
61%
2018 - 20192021 - Sénégal CheikhSabaly 108 A
58%
2023 - Sénégal IbouSané 35 A
58%
2024 - Sénégal AlphaTouré 21 M
55%
2024 - France JessyDeminguet 35 M
55%
2023 - Sénégal SadibouSané 47 D
55%
2023 - France MaximeColin 43 D
52%
2024 - Sénégal PapeSy 3 G
52%
2011 - 2012 Sénégal SadioMané 23 A
51%
2017 - 2022 Algérie FaridBoulaya 132 M
49%
2022 - CoteD'Ivoire KoffiKouao 85 D
49%
2016 - 2020 France RenaudCohade 132 M
48%
2018 - 2024 CoteD'Ivoire HabibMaiga 140 M
45%
2014 - 2015 Mali ModiboMaiga 27 A
45%
2017 - 2018 France NolanRoux 38 A
45%
2017 - 20192022 - 2025 Gambie AblieJallow 102 A
44%
2022 - 2024 Sénégal LamineCamara 37 M
44%
2010 - 2016 RépubliqueDémocratique Du Congo YeniNgbakoto 213 A
44%
2019 - 2022 France FabienCentonze 91 D
42%
2016 - 2017 Mali CheickDiabaté 14 A
41%
2006 - 2011 Sénégal CheikhGueye 168 D
41%
2024 - 2025 Sénégal IdrissaGueye 23 A
41%
2020 - 2023 Sénégal LamineGueye 73 A
41%
2012 - 2014 Sénégal MoussaGueye 25 A
41%
2016 - 2018 Luxembourg VincentThill 6 M
41%
2021 - 2025 Guinée - Bissau FaliCandé 85 D
39%
2015 - 2019 Albanie IvanBalliu 118 D
39%
2016 - 2018 Japon EijiKawashima 37 G
38%
2010 - 2012 Sénégal KalidouKoulibaly 46 D
38%
2012 - 2013 France MichelLe 5 D
38%
2012 - 2017 Argentine GuidoMilan 118 D
37%
2023 - 2025 Algérie KevinVan Den Kerkhof 49 D
37%
2023 - Suède JoelAsoro 44 A
35%
2016 - 2017 Turquie MevlutErding 27 A
35%
2013 - 20142015 - 2018 France ThomasDidillon 71 G
35%
2018 - 2022 France ThomasDelaine 107 D
34%
2024 - 2025 Belgique ArnaudBodart 17 G
32%
2017 - 2023 Sénégal IbrahimaNiane 149 A
32%
2019 - 2024 France KevinN'Doram 97 M
32%
2014 - 2015 France FlorentMalouda 31 A
31%
2018 - 2021 Ghana JohnBoye 99 D
31%
2024 - Cameroun MorganBokele 34 A
31%
2016 - 2022 Sénégal OpaNguette 164 A
31%
2018 - 2020 Zambie StoppilaSunzu 60 D
31%
2021 - 2024 Haiti DanleyJean - Jacques 69 M
30%
2024 - Gabon MichelMboula 13 D
30%
2010 - 2016 Madagascar RomainMétanire 179 D
30%
2016 - 2018 France YannJouffre 25 M
30%
2016 - 20182020 - 2021 2022 - 2024 France YoussefMaziz 50 M
30%
2021 - 2023 Maroc AmineBassi 10 M
28%
2009 - 2014 Sénégal DiafraSakho 127 A
28%
2016 - 2018 Serbie MilanBisevac 31 D
28%
2016 - 2018 Cameroun BenoitAssou - Ekotto 36 D
27%
2012 - 2017 France KévinLejeune 152 M
27%
2020 - 2023 Mali KikiKouyaté 74 D
27%
2021 - 2022 France NicolasDe Préville 27 A
27%
2016 - 2017 Guinée SimonFalette 40 D
27%
2019 - 2022 Tunisie DylanBronn 79 D
25%
2017 - 2019 Martinique EmmanuelRivière 48 A
25%
2016 - 2018 France FlorentMollet 54 M
25%
2012 - 2016 France JohannCarrasso 87 G
25%
2014 - 2016 Venézuéla JuanFalcon 36 A
25%
2017 - 2018 Togo MathieuDossevi 33 A
25%
2014 - 2016 Biélorussie SergeyKrivets 40 M
25%
2019 - 2022 France VincentPajot 52 M
25%
2022 - Sénégal MalickMbaye 9 A
24%
2013 - 2015 France SylvainMarchal 45 D
24%
2021 - 20222023 - 2024 Cameroun DidierLamkel Zé 20 A
23%
2010 - 2015 France GaetanBussmann 138 D
23%
2014 - 2016 Argentine José LuisPalomino 59 D
23%
2020 - 2024 France Marc - AurèleCaillard 29 G
23%
2020 - 2021 Belgique AaronLeya Iseka 24 A
21%
2012 - 2015 Algérie AhmedKashi 86 M
21%
2023 - 2024 Ghana BenjaminTetteh 13 A
21%
2015 - 2018 Cameroun GeorgesMandjeck 72 M
21%
2012 - 2015 CoteD'Ivoire MaxwelCornet 29 A
21%
2023 - 2024 Colombie OscarEstupinan 6 A
21%
2018 - 2021 CoteD'Ivoire VictorienAngban 84 M
21%
2022 - 2025 Sénégal AboubacarLo 30 D
20%
2022 - 2024 France ArthurAtta 43 M
20%
2016 - 2017 France FranckSignorino 19 D
20%
2014 - 2016 Lettonie JanisIkaunieks 14 M
20%
2022 - 2025 Angola JosephNduquidi 42 M
20%
2018 - 2021 Mali MamadouFofana 80 D
20%
2017 - 2018 Sénégal MoussaNiakhaté 38 D
20%
2024 - Maroc IsmaelGuerti 1 M
18%
2020 - 2021 Cap - Vert VagnerDias 37 A
18%
2018 - 20192022 - 2023 Sénégal AmadouN'Diaye 5 A
17%
2012 - 20152016 - 2018 Luxembourg ChrisPhilipps 44 M
17%
2023 - 2024 France ChristopheHérelle 20 D
17%
2014 - 2015 Tunisie FakhreddineBen Youssef 6 A
17%
2021 - 2022 Brésil Jemerson 16 D
17%
2018 - 2020 France MarvinGakpa 55 M
17%
2011 - 2012 Mauritanie OumarN'Diaye 3 M
17%
2010 - 2011 Mali TenemaN'Diaye 24 A
17%
2021 - 2023 France WilliamMikelbrencis 14 D
17%
2014 - 2016 Tunisie FerjaniSassi 40 M
15%
2023 - 2024 France GuillaumeDietsch 1 G
15%
2014 - 2019 Martinique JonathanRiviérez 96 D
15%
2018 - 2019 Luxembourg LaurentJans 16 D
15%
2021 - 2023 Maroc SofianeAlakouch 11 D
15%
2014 - 2017 CoteD'Ivoire CheickDoukouré 63 M
14%
2014 - 2017 France DavidOberhauser 21 G
14%
2008 - 20122016 - 2018 Sénégal FallouDiagne 112 D
14%
2013 - 2015 France JérémyChoplin 62 D
14%
2023 - 2025 France SimonElisor 25 A
14%
2019 - 2021 Guadeloupe ThierryAmbrose 44 A
14%
2015 - 2016 Cameroun ChristianBekamenga 17 A
13%
2017 - 2018 Argentine GeronimoPoblete 30 M
13%
2010 - 2012 France JorisDelle 40 G
13%
2017 - 2018 France JulianPalmieri 15 D
13%
2016 - 2019 France NicolasBasin 7 D
13%
2008 - 20112012 - 2014 France ThibautBourgeois 87 A
13%
2013 - 20152016 - 2017 France ThibautVion 34 D
13%
2017 - 2018 Luxembourg VahidSelimovic 17 D
13%
2020 - 2022 Congo WarrenTchimbembé 26 M
13%
2022 - 2023 Albanie XhulianoSkuka 9 A
13%
2015 - 2016 Guinée - Bissau AmidoBaldé 9 A
11%
2015 - 2016 Portugal AndréSantos 32 M
11%
2005 - 2011 France ChristopheMarichez 140 G
11%
2012 - 2013 France GrégoryProment 39 M
11%
2021 - 2023 France LennyJoseph 40 A
11%
2022 - 2023 France LilianRaillot 3 M
11%
2019 - 2020 Martinique ManuelCabit 3 D
11%
2010 - 2012 France MathieuDuhamel 57 A
11%
2019 - 2022 Mauritanie Papa NdiagaYade 57 A
11%
2017 - 2018 Allemagne PhilippWollscheid 1 D
11%
2021 - 2022 Mali SikouNiakaté 12 D
11%
2024 - 2025 France AlexisMirbach 3 G
10%
2012 - 2014 CoteD'Ivoire AliBamba 18 D
10%
2022 - 2023 Pays - Bas AnthonyMusaba 9 A
10%
2017 - 2018 Portugal Cafu 13 M
10%
2015 - 2016 Portugal DanielCandeias 30 A
10%
2015 - 2016 Zambie EmmanuelMayuka 16 A
10%
2021 - 2022 Cameroun Jean - ArmelKana - Biyik 10 D
10%
2024 - France JosephMangondo 6 A
10%
2010 - 2012 France KevinDiaz 44 M
10%
2021 - 2022 France LennyLacroix 3 D
10%
2021 - 2022 RépubliqueCentrafricaine LouisMafouta 15 A
10%
2011 - 2012 Algérie AndyDelort 13 A
8%
2010 - 2015 Gabon AnthonyMfa Mezui 53 G
8%
2017 - 2018 Bosnie DanijelMilicevic 13 M
8%
2021 - 2022 France IbrahimAmadou 10 M
8%
2023 - 2024 CoteD'ivoire JeanN'Guessan 7 M
8%
2015 - 2016 Argentine Juan CruzKaprof 18 A
8%
2022 - 2023 Algérie MaidineDouane 2 A
8%
2011 - 2014 Sénégal MayoroN'Doye 60 M
8%
2015 - 2016 Portugal NunoReis 31 D
8%
2006 - 2012 Mali OumarSissoko 54 G
8%
2018 - 2021 France PaulDelecroix 13 G
8%
2015 - 2016 Turquie SezerOzmen 9 D
8%
2021 - 2022 Sénégal Amidou SalifMbengue 13 D
7%
2012 - 2013 Italie BrunoCirillo 15 D
7%
2010 - 2012 Guadeloupe DavidFleurival 78 M
7%
2014 - 2015 Argentine FedericoAndrada 13 A
7%
2014 - 2015 Sénégal GuiraneN'Daw 30 M
7%
2018 - 2019 Cap - Vert JamiroMonteiro 7 M
7%
2011 - 20122013 - 2015 Ghana KwameNsor 27 A
7%
2015 - 2016 Burkina Faso MoustaphaKaboré 15 A
7%
2013 - 2014 France NicolasFauvergue 29 A
7%
2013 - 2015 France RomainRocchi 38 M
7%
2010 - 20132015 - 2016 France SamyKehli 47 M
7%
2011 - 2012 France StéphaneBesle 15 D
7%
1999 - 20012002 - 2006
2009 - 2012
France StephaneBorbiconi 183 D
7%
2015 - 2016 Portugal TiagoGomes 22 D
7%
2013 - 2014 Sénégal AbdallahNdour 1 D
6%
2009 - 2012 Mali AdamaTamboura 76 D
6%
2012 - 2013 Cameroun AlbertBaning 15 M
6%
2011 - 2013 Guinée AlhassaneKeita 38 A
6%
2017 - 2018 Argentine BrianFernandez 7 A
6%
2011 - 2012 Congo BruceAbdoulaye 24 D
6%
2015 - 2016 Belgique CélestinDjim 3 A
6%
2015 - 2016 Mali DieudonnéGbaklé 14 M
6%
2010 - 2011 Belgique GaetanEnglebert 24 M
6%
2011 - 2012 France HamadiAyari 8 M
6%
2017 - 2018 Sénégal LemouyaGoudiaby 4 D
6%
2010 - 2012 France LudovicGuerriero 77 M
6%
2009 - 2011 Luxembourg MarioMutsch 67 M
6%
2022 - 2023 France MathieuCachbach 1 M
6%
2012 - 2014 France RomainInez 51 D
6%
2013 - 2014 RépubliqueDémocratique Du Congo YvesAngani 1 A
6%
2010 - 2012 Norvège AlexanderOdegaard 14 A
4%
2013 - 2014 Brésil Eduardo 11 A
4%
2013 - 2016 Burkina Faso FadilSido 14 M
4%
2011 - 2012 France GauthierBernardelli 1 D
4%
2017 - 2018 France LilianFournier 2 M
4%
2015 - 2016 France LucasToussaint 7 D
4%
2013 - 2014 Guinée - Bissau LucianoTeixeira 7 M
4%
2011 - 2013 France MamadouWague 9 D
4%
2010 - 20112012 - 2013 France OlivierCassan 15 M
4%
2011 - 2012 Sénégal OumarPouye 27 A
4%
2011 - 2012 France PierreBouby 33 M
4%
2008 - 2011 France RomainBrégerie 79 D
4%
2011 - 2012 France TeddyKayombo 1 D
4%
2011 - 2012 France ThierrySteinmetz 10 A
4%
2011 - 2012 France YohanBetsch 23 M
4%
2016 - 2017 France BorisMathis 2 A
3%
2020 - 2021 Ghana ErnestBoahene 1 D
3%
2009 - 2011 Portugal Frechaut 43 D
3%
2013 - 2014 Niger KarimLancina 3 M
3%
2010 - 2011 Gabon MerlinTandjigora 7 M
3%
2012 - 2013 Argentine NicolasCherro 2 D
3%
2017 - 2018 France QuentinBeunardeau 3 G
3%
2007 - 20092010 - 2011 Bénin RudyGestede 33 A
3%
2009 - 2011 Maroc YouussefMokhtari 12 M
3%
2017 - 2018 France DylanLempereur 5 D
1%
2016 - 2017 Sénégal MoussaSeydi 1 A
1%
2013 - 2014 Nigéria PopoolaSodiq 2 M
1%
2017 - 2018 France VincentPeugnet 2 D
1%
2011 - 2013 France YohanCroizet - Kollar 3 M
1%
Aucun quiz correspondant
Distribution des résultats
% des personnes avec chaque résultat
Percentile par nombre de réponses
Votre historique - résultats
Vous n’avez pas pris ce quiz